000 00533nam a2200169 a 4500
005 20140412111250.0
008 010416s19uu xx 00 eng d
020 _a0-525-45133-1
050 _aM 400
_bL48 1994
100 _aLeventhal, Debra
245 _aWhat is your language? /
_csongs by Debra Leventhal; pictures by Monica Wellington.
250 _a1st Ed.
260 _aNew York :
_bDutton Children's Books,
_c1994.
300 _a1 v. (unp.) ; ill.
650 _aLanguage and languages-Juvenile literature
999 _c103143
_d103143